Rick Riordan Characters by Signature Weapon - Statistics

General Stats
  • This quiz has been taken 115 times
  • The average score is 11 of 18
Answer Stats
Hint Answer % Correct
Celestial Bronze Knife Annabeth
93%
Riptide (Anaklusmos) Percy
93%
Reed Pipes Grover
88%
Katoptris Piper
88%
Magical Toolbelt, Hammer Leo
85%
Stygian Iron Sword Nico
85%
Jack (Sumarbrandar) Magnus
72%
IVLIVS Jason
69%
Spatha Hazel
67%
Bow and Arrow Frank
64%
Club (aka "stick") Tyson
42%
Enchanted Garotte Wire Alex
41%
Runes Hearthstone
40%
Expand-o-duck Blitzen
38%
Bayonet TJ
32%
Serrated Knives Mallory
26%
Axe, glowing spear Samirah
25%
Dual Axes Halfborn
24%
No matching quizzes found
Score Distribution
Percent of People with Each Score
Percentile by Number Answered
Your Score History
You have not taken this quiz